Statistics for Five Closest Countries by City #1

Click here to take the quiz!

General Stats

  • This quiz has been taken 7,884 times
    (5,779 since last reset)
  • The average score is 30 of 40

Answer Stats

Original CitymiCountrykm% Correct
New York City247Canada398
99%
New York City1269Cuba2042
91%
Mumbai379Pakistan610
90%
New York City973Bahamas1566
89%
St. Petersburg86Estonia138
87%
St. Petersburg92Finland148
87%
St. Petersburg196Latvia316
87%
Venice86Austria138
86%
St. Petersburg314Lithuania505
86%
Venice61Slovenia98
86%
Hong Kong378Taiwan608
86%
Venice57Croatia92
85%
Mumbai811Nepal1305
85%
Venice117Switzerland189
85%
St. Petersburg272Belarus438
84%
New York City1429Haiti2299
83%
Venice100San Marino161
83%
New York City1444Dominican Republic2324
82%
Mumbai795Sri Lanka1280
82%
Hong Kong392Vietnam631
82%
Hong Kong559Japan900
81%
Hong Kong610Laos981
80%
Luanda199DR of the Congo321
76%
Hong Kong496Philippines799
76%
Luanda278Republic of the Congo448
74%
Luanda564Namibia907
69%
Mumbai815Maldives1312
66%
Cali476Brazil766
65%
Cali395Venezuela636
65%
Cali196Ecuador316
63%
Mumbai809Iran1302
62%
Cali279Panama449
62%
Cali251Peru404
62%
Luanda367Gabon590
61%
Luanda662Zambia1065
59%
Bamako198Mauritania318
55%
Bamako227Senegal366
55%
Bamako67Guinea108
53%
Bamako185Burkina Faso298
52%
Bamako154Côte d'Ivoire248
47%

Score Distribution

Percentile by Number Answered

Percent of People with Each Score

Your Score History

You have not taken this quiz since the last reset